乃木坂46 歴代バスラ開催場所 - Statistics

General Stats
  • This quiz has been taken 74 times
    4 since last reset
  • The average score is 12 of 15
Answer Stats
開催年 Answer % Correct
2013 1st 幕張メッセ・幕張イベントホール
100%
2015 3rd 西武ドーム
100%
2016 4th 明治神宮野球場
100%
2018 6th 明治神宮野球場
100%
2021(配信) 9th 幕張メッセ・幕張イベントホール
100%
2026 14th 東京ドーム
100%
2014 2nd 横浜アリーナ
75%
2018 6th 秩父宮ラグビー場
75%
2019 7th 京セラドーム大阪
75%
2020 8th ナゴヤドーム
75%
2022 10th 日産スタジアム
75%
2023 11th 横浜アリーナ
75%
2025 13th 味の素スタジアム
75%
2017 5th さいたまスーパーアリーナ
50%
2024 12th さいたまスーパーアリーナ
50%
No matching quizzes found
Score Distribution
Percent of People with Each Score
Percentile by Number Answered
Your Score History
You have not taken this quiz since the last reset